000 00640nam a2200217 a 4500
008
049 _aMAIN
090 _aTA405 BAS
100 1 _aBasavarajaiah, B. S.
245 1 0 _aStrength of materials /
_cB. S. Basavarajaiah and P. Mahadevappa.
250 _a2nd ed.
260 _aShadara, Delhi :
_bSatish Kumar for CBS Publishers and distributors,
_c1984.
300 _avi, 641 p. :
_bill. ;
_c22 cm.
650 1 _aMaterials.
700 _aMahadevappa, P.
907 _a.b10103673
_b06-12-10
_c12-12-03
003
005 20230123133547.0
040 _cNUST
942 _cBOOKS
_kTA405 BAS
999 _c150721
_d150721